Módulo de intervención en crisis: violencia sexual /
সংরক্ষণ করুন:
| প্রধান লেখক: | |
|---|---|
| অন্যান্য লেখক: | |
| বিন্যাস: | পাঠ্য |
| প্রকাশিত: |
San José:
UCR. FCS. EPS
|
| বিষয়গুলি: | |
| ট্যাগগুলো: |
ট্যাগ যুক্ত করুন
কোনো ট্যাগ নেই, প্রথমজন হিসাবে ট্যাগ করুন!
|
MARC
| LEADER | 00000 a a2200000 04500 | ||
|---|---|---|---|
| 001 | 33144 | ||
| 003 | |||
| 040 | |||
| 090 | |a 206509 | ||
| 100 | |a Claramunt M., Cecilia | ||
| 245 | |a Módulo de intervención en crisis: violencia sexual / |c Cecilia Claramunt M. | ||
| 260 | |a San José: |b UCR. FCS. EPS | ||
| 300 | |a 151 p. | ||
| 650 | |a ABUSO SEXUAL | ||
| 650 | |a MALTRATO A MENORES | ||
| 650 | |a PSICOLOGIA | ||
| 650 | |a ASPECTOS PSICOLOGICOS | ||
| 650 | |a ORIENTACION TERAPEUTICA | ||
| 700 | |a comp. | ||
| 999 | |c 2978 |d 2978 | ||
